Villes françaises en détails (image) - Statistiques

Statistiques générales
  • Ce quiz a été pris 79 fois
  • Le résultat moyen est 13 sur 24
Statistiques - réponses
Par images Réponse % Correct
Paris
99%
Strasbourg
94%
Grenoble
82%
Marseille
75%
Lille
74%
Toulouse
71%
Lyon
69%
Rouen
65%
Bordeaux
59%
Clermont-Ferrand
59%
Nancy
56%
Annecy
54%
La Rochelle
53%
Nantes
50%
Brest
47%
Perpignan
46%
Reims
44%
Le Havre
38%
Belfort
35%
Biarritz
32%
Dijon
32%
Chartres
29%
Ajaccio
16%
Dieppe
7%
Aucun quiz correspondant
Distribution des résultats
% des personnes avec chaque résultat
Percentile par nombre de réponses
Votre historique - résultats
Vous n’avez pas pris ce quiz